Erfurt - město výstav a vzdělávání zahradníků

Bibliographic Details
Main Author: Jaša, Bohumil (Author)
Format: Article
Language:Czech
Subjects:

MARC

LEADER 00000nab a2200000 a 4500
001 vtls000266007
003 SK-MaSNL
005 20260303221852.0
008 160201c1986 xo 0 cze
015 |a SNBRB19rr/mm-uuuuu 
035 |a CL0276121 
040 |a SNKBUCL  |b slo  |c SNKBUCL  |e AACR2 
041 0 |a cze 
044 |a xo  |c SK 
080 |a 635:061.4(430.2)  |2 1981 
080 |a 061.4(430.2)  |2 1981 
100 1 |a Jaša, Bohumil  |4 aut  |9 292013 
245 1 0 |a Erfurt - město výstav a vzdělávání zahradníků  |c Bohumil Jaša 
650 0 7 |a záhradníctvo  |2 snkbucl  |9 2729 
650 0 7 |a IGA Erfurt 1986  |2 snkbucl  |9 1113708 
655 7 |a články z novín a časopisov  |2 snkbucl  |9 267496 
773 0 |t Záhradníctvo  |g Roč. 11, č. 12 (1986), s. 557 
850 |a Slovenská národná knižnica v Martine  |a MTA001 
852 |a SNK  |b KIS3GCP 
958 |a RK 
958 |a CZ 
958 |a DE 
992 |a RBX 
999 |c 2236660  |d 2238590